000
00297nam a2200121Ia 4500
008
220803s9999 xx 000 0 und d
041
_a
eng
082
_a
891.46 KAL
100
_a
Kale V
_9
30090
245
_a
Vpu Kale Yancha Dr. Sudhir Nirgudkar Hyana Patra
260
_a
Pune
_c
2014
300
_a
24p
999
_c
18921
_d
18921